000 00665nam a2200241 i 4500
001 C2-0274074
003 PPAK
005 20180728003228.0
008 060917s2003 nyua|||| ||||| | eng d
020 _a0439429811
040 _aPPAK
_beng
_cPPAK
_erda
082 0 4 _a031.02
_223
090 0 0 _a031.02
_bPAC
_dK
100 1 _aPackard, Mary,
_eauthor
245 1 0 _aAwesome animals
264 1 _aNew York :
_bScholastic Inc. ,
_c2003
300 _a143 pages ; 86 pages :
_bcolour illustrations ;
_c19 cm
336 _2rdacontent
_atext
337 _2rdamedia
_aunmediated
338 _2rdacarrier
_avolume
650 1 0 _aCuriosities and wonders.
942 _ddc
_cB
999 _c81892
_d81892